II-Garen Batikano Batzara / (Record no. 141108)

MARC details
000 -LEADER
campo de control de longitud fija 00693nam a2200205 i 4500
001 - NÚMERO DE CONTROL
campo de control 141108
003 - IDENTIFICADOR DE NÚMERO DE CONTROL
campo de control ES-MaACL
005 - FECHA Y HORA DE LA ÚLTIMA TRANSACCIÓN
campo de control 20230906200225.0
007 - CAMPO FIJO DE DESCRIPCIÓN FÍSICA--INFORMACIÓN GENERAL
campo de control de longitud fija t|
008 - DATOS DE LONGITUD FIJA--INFORMACIÓN GENERAL
campo de control de longitud fija 070919s1967 sp ||||1| baq d
100 1# - ENTRADA PRINCIPAL--NOMBRE DE PERSONA
Nombre de persona Yure, Julián A. de.
9 (RLIN) 117741
245 10 - MENCIÓN DEL TÍTULO
Título II-Garen Batikano Batzara /
Mención de responsabilidad, etc. Yure'tar Yulen A.
260 ## - PUBLICACIÓN, DISTRIBUCIÓN, ETC.
Lugar de publicación, distribución, etc. Vitoria :
Nombre del editor, distribuidor, etc. Seminario Vitoria Esett,
Fecha de publicación, distribución, etc. 1967.
300 ## - DESCRIPCIÓN FÍSICA
Extensión 1 v. ;
Dimensiones 18 cm.
500 ## - NOTA GENERAL
Nota general Es el vol. II.
505 8# - NOTA DE CONTENIDO CON FORMATO
Nota de contenido con formato Contiene: 2. 2-garen, 3-garen ta 4-garen aldiak : 6-garen Paul Aita Santuak yarraitu ta amaituak (354 p.)
600 04 - PUNTO DE ACCESO ADICIONAL DE MATERIA--NOMBRE DE PERSONA
Nombre de persona Juan
Numeración XIII
Títulos y otros términos asociados al nombre Papa, Santo.
9 (RLIN) 67136
600 14 - PUNTO DE ACCESO ADICIONAL DE MATERIA--NOMBRE DE PERSONA
Nombre de persona Pablo
Numeración VI
Títulos y otros términos asociados al nombre Papa, Santo.
9 (RLIN) 168351
852 ## - LOCALIZACIÓN
Ubicación ES-MaACL
Número de control de estantería P-1216
Sublocalización o colección R.63356
Holdings
Estatus retirado Estado de pérdida Estado de daño No para préstamo Biblioteca de origen Biblioteca actual Ubicación en estantería Fecha de adquisición Fuente de adquisición Total de préstamos Signatura topográfica completa Código de barras Visto por última vez Precio de reemplazo Tipo de ítem Koha
        Biblioteca del Ateneo de Madrid Biblioteca del Ateneo de Madrid Depósito 2 17/01/2008     P-1216 1146829 23/02/2023 23/02/2023 Libro impreso